000 00394nam a22001577a 4500
020 _a978-93-60005-77-5
082 _a823
_bWOO/L
100 _aWOOLF, VIRGINIA
245 _aTO THE LIGHT HOUSE
_bSHORT STORY
246 _aTO THE LIGHT HOUSE
_bSHORT STORY
260 _aNOIDA
_bMAPLE PRESS PRIVATE LIMITED
_c2018
300 _a179
520 _aSHORT STORY
650 _aSHORT STORY
942 _cBK
999 _c2905
_d2905